Двадцать тысяч лье под водой; Кругосветное путешетствие в морских глубинах: роман; пер. с фр.

Detalhes bibliográficos
Autor principal: Верн Ж. Жюль
Outros Autores: Яковлева Н. Г. (переводчик), Корш Е. Ф. (иллюстратор), Захаров В.
Resumo:Исключено из фонда НТБ ТПУ
Idioma:russo
Publicado em: Душанбе, Адиб, 1991
Assuntos:
Formato: Livro
KOHA link:https://koha.lib.tpu.ru/cgi-bin/koha/opac-detail.pl?biblionumber=114879

MARC

LEADER 00000nam0a2200000 4500
001 114879
005 20250828103925.0
010 |a 5836205035 
035 |a (RuTPU)RU\TPU\book\124236 
090 |a 114879 
100 |a 20070427d1991 m y0rusy5003 ca 
101 1 |a rus  |c fre 
102 |a TJ 
105 |a a z 000ay 
200 1 |a Двадцать тысяч лье под водой  |a Кругосветное путешетствие в морских глубинах   |e роман  |e пер. с фр.  |f Ж. Верн  |g пер. Н. Г. Яковлевой, Е. Ф. Корша; худож. В. Захаров 
210 |a Душанбе  |c Адиб  |d 1991 
215 |a 331,[1] с.  |c ил.  |d 22 см 
333 |a Исключено из фонда НТБ ТПУ 
610 1 |a фантастика 
610 1 |a фантастические романы 
610 1 |a французская литература 
675 |a 84  |v 3 
700 1 |a Верн  |b Ж.  |c французский писатель  |f 1828-1905  |g Жюль  |3 (RuTPU)RU\TPU\pers\20608  |9 8348 
702 1 |a Яковлева  |b Н. Г.  |4 730 
702 1 |a Корш  |b Е. Ф.  |4 730 
702 1 |a Захаров  |b В.  |4 440 
801 0 |a RU  |b RuMRKP  |c 19950417  |g psbo 
801 1 |a RU  |b 63413507  |c 20070427  |g PSBO 
801 2 |a RU  |b 63413507  |c 20180115  |g PSBO 
942 |c BK